<?xml version="1.0" encoding="UTF-8"?>
<collection xmlns="http://www.loc.gov/MARC21/slim">
<record>
  <controlfield tag="001">164187</controlfield>
  <controlfield tag="005">20251127172930.0</controlfield>
  <datafield tag="024" ind1="7" ind2=" ">
    <subfield code="2">doi</subfield>
    <subfield code="a">10.1016/j.jhevol.2025.103772</subfield>
  </datafield>
  <datafield tag="024" ind1="8" ind2=" ">
    <subfield code="2">sideral</subfield>
    <subfield code="a">146365</subfield>
  </datafield>
  <datafield tag="037" ind1=" " ind2=" ">
    <subfield code="a">ART-2025-146365</subfield>
  </datafield>
  <datafield tag="041" ind1=" " ind2=" ">
    <subfield code="a">eng</subfield>
  </datafield>
  <datafield tag="100" ind1=" " ind2=" ">
    <subfield code="a">Sánchez-Bandera, Christian</subfield>
  </datafield>
  <datafield tag="245" ind1=" " ind2=" ">
    <subfield code="a">Paleoecological context of Homo aff. erectus (ATE7-1) at Sima del Elefante (late Early Pleistocene, Atapuerca, Spain) inferred from the herpetofaunal assemblage</subfield>
  </datafield>
  <datafield tag="260" ind1=" " ind2=" ">
    <subfield code="c">2025</subfield>
  </datafield>
  <datafield tag="520" ind1="3" ind2=" ">
    <subfield code="a">The Sima del Elefante cave is one of the archaeopaleontological sites located in the karstic complex of Sierra de Atapuerca (Burgos, Spain), which is a remarkable locality for documenting an extensive sequence of human evidence. Within the stratigraphic sequence of the Sima del Elefante site, Level TE7 has yielded one of the oldest human remains recovered to date in western Europe. A hominin mid-face has recently been discovered (specimen ATE7-1), attributed to Homo aff. erectus. In this study, the fossil amphibian and reptile remains directly associated with this hominin are analyzed, described, and used to perform quantitative paleoecological reconstructions. The resulting herpetofaunal assemblage comprises a total of eight species: five anurans (Alytes gr. Alytes obstetricans/Alytes almogavarii, Pelodytes punctatus, Bufo gr. Bufo bufo, Epidalea calamita, and Rana temporaria), two lizards (small-sized Lacertidae indet. and Anguis fragilis), and two snakes (Coronella cf. Coronella austriaca and Vipera sp.). The paleoecological reconstruction was performed using the Mutual Ecogeographic Range method in conjunction with the Uncertain Distribution Area-Occupied Distribution Area technique to obtain temperature and precipitation estimates, and habitat weighting was used to infer the surrounding environment. The climate of TE7 was reconstructed as cool and humid, with an overall pattern concordant with a present-day continental Mediterranean climate, exhibiting similar temperatures and higher precipitation than today for the Sierra de Atapuerca location. The associated landscape evidenced a more humid environment, primarily made up of woodlands and open humid habitats with aquatic and periaquatic areas. The results obtained provide novel insights into the ecological tolerances of early hominins and thus contribute to the growing body of knowledge regarding their subsistence capabilities and behaviors.</subfield>
  </datafield>
  <datafield tag="506" ind1="0" ind2=" ">
    <subfield code="a">Access copy available to the general public</subfield>
    <subfield code="f">Unrestricted</subfield>
  </datafield>
  <datafield tag="536" ind1=" " ind2=" ">
    <subfield code="9">info:eu-repo/grantAgreement/ES/DGA/E33-23R</subfield>
    <subfield code="9">info:eu-repo/grantAgreement/ES/MCINN/PID2021-122533NB-I00</subfield>
    <subfield code="9">info:eu-repo/grantAgreement/ES/MICIN/PID2024-157622NB-I00</subfield>
    <subfield code="9">info:eu-repo/grantAgreement/ES/MICINN/PID2021-122355NB-C32</subfield>
  </datafield>
  <datafield tag="540" ind1=" " ind2=" ">
    <subfield code="9">info:eu-repo/semantics/openAccess</subfield>
    <subfield code="a">by</subfield>
    <subfield code="u">https://creativecommons.org/licenses/by/4.0/deed.es</subfield>
  </datafield>
  <datafield tag="655" ind1=" " ind2="4">
    <subfield code="a">info:eu-repo/semantics/article</subfield>
    <subfield code="v">info:eu-repo/semantics/publishedVersion</subfield>
  </datafield>
  <datafield tag="700" ind1=" " ind2=" ">
    <subfield code="a">Fagoaga, Ana</subfield>
  </datafield>
  <datafield tag="700" ind1=" " ind2=" ">
    <subfield code="a">Blain, Hugues-Alexandre</subfield>
  </datafield>
  <datafield tag="700" ind1=" " ind2=" ">
    <subfield code="a">López-García, Juan Manuel</subfield>
  </datafield>
  <datafield tag="700" ind1=" " ind2=" ">
    <subfield code="a">Núñez-Lahuerta, Carmen</subfield>
    <subfield code="0">(orcid)0000-0002-2882-6061</subfield>
  </datafield>
  <datafield tag="700" ind1=" " ind2=" ">
    <subfield code="a">Blanco-Lapaz, Àngel</subfield>
  </datafield>
  <datafield tag="700" ind1=" " ind2=" ">
    <subfield code="a">Galán, Julia</subfield>
    <subfield code="0">(orcid)0000-0002-0818-6909</subfield>
  </datafield>
  <datafield tag="700" ind1=" " ind2=" ">
    <subfield code="a">Moya-Costa, Raquel</subfield>
    <subfield code="u">Universidad de Zaragoza</subfield>
    <subfield code="0">(orcid)0000-0002-2405-341X</subfield>
  </datafield>
  <datafield tag="700" ind1=" " ind2=" ">
    <subfield code="a">Cuenca-Bescós, Gloria</subfield>
    <subfield code="u">Universidad de Zaragoza</subfield>
    <subfield code="0">(orcid)0000-0001-5125-9651</subfield>
  </datafield>
  <datafield tag="700" ind1=" " ind2=" ">
    <subfield code="a">Rodríguez-Álvarez, Xosé Pedro</subfield>
  </datafield>
  <datafield tag="700" ind1=" " ind2=" ">
    <subfield code="a">Huguet, Rosa</subfield>
  </datafield>
  <datafield tag="710" ind1="2" ind2=" ">
    <subfield code="1">2000</subfield>
    <subfield code="2">655</subfield>
    <subfield code="a">Universidad de Zaragoza</subfield>
    <subfield code="b">Dpto. Ciencias de la Tierra</subfield>
    <subfield code="c">Área Paleontología</subfield>
  </datafield>
  <datafield tag="710" ind1="2" ind2=" ">
    <subfield code="1">0</subfield>
    <subfield code="2">X</subfield>
    <subfield code="a">Universidad de Zaragoza</subfield>
    <subfield code="b">S. Gral. Apoyo Investig. - SAI</subfield>
    <subfield code="c">División: Serv. Transversales</subfield>
  </datafield>
  <datafield tag="773" ind1=" " ind2=" ">
    <subfield code="g">209 (2025), 103772 [17 pp.]</subfield>
    <subfield code="p">J. Hum. Evol.</subfield>
    <subfield code="t">JOURNAL OF HUMAN EVOLUTION</subfield>
    <subfield code="x">0047-2484</subfield>
  </datafield>
  <datafield tag="856" ind1="4" ind2=" ">
    <subfield code="s">7608197</subfield>
    <subfield code="u">http://zaguan.unizar.es/record/164187/files/texto_completo.pdf</subfield>
    <subfield code="y">Versión publicada</subfield>
  </datafield>
  <datafield tag="856" ind1="4" ind2=" ">
    <subfield code="s">2494121</subfield>
    <subfield code="u">http://zaguan.unizar.es/record/164187/files/texto_completo.jpg?subformat=icon</subfield>
    <subfield code="x">icon</subfield>
    <subfield code="y">Versión publicada</subfield>
  </datafield>
  <datafield tag="909" ind1="C" ind2="O">
    <subfield code="o">oai:zaguan.unizar.es:164187</subfield>
    <subfield code="p">articulos</subfield>
    <subfield code="p">driver</subfield>
  </datafield>
  <datafield tag="951" ind1=" " ind2=" ">
    <subfield code="a">2025-11-27-15:16:42</subfield>
  </datafield>
  <datafield tag="980" ind1=" " ind2=" ">
    <subfield code="a">ARTICLE</subfield>
  </datafield>
</record>
</collection>